Andy Warhol 1928-1987 umění jako byznys

Bibliographic Details
Main Author: Honnef, Klaus (Author)
Other Authors: Duda, Jaroslav (prekladateľ) (Translator)
Format: Book
Language:Czech
PhysicalDescription:95, [1] s. fotogr., reprod. (prevažne fareb.) 23 cm
Published: Köln Benedikt Taschen Verlag 2000
ISBN:3822866962
Subjects:

MARC

LEADER 00000nam a2200000 a 4500
001 vtls001417513
003 SK-MaSNL
005 20260301012659.0
008 240315s2000 xr a rb cze
015 |a SNBZSA2001-00369 
020 |a 3822866962 
035 |a SNK000372297 
035 |a urn:nbn:sk:snk-amk481 
035 |a urn:nbn:sk:snk-am0056va 
035 |a DB6BC807-3931-48A0-A8D0-A166017D2E26 
040 |a SNK  |b slo  |c SNK  |e AACR2 
041 0 |a cze 
044 |a CZ 
080 |a 75.071.1(084.1)=850  |2 1981 
080 |a 929 Warhol, Andy  |2 1981 
100 1 |a Honnef, Klaus  |4 aut  |9 298108 
245 1 0 |a Andy Warhol 1928-1987  |b umění jako byznys  |c Klaus Honnef 
260 |a Köln  |b Benedikt Taschen Verlag  |c 2000 
300 |a 95, [1] s.  |b fotogr., reprod. (prevažne fareb.)  |c 23 cm 
500 |a Fareb reprod. na obál. a na front. 
500 |a Spoluvydav. Slovart, Praha 
500 |a Prel. Jaroslav Duda 
504 |a Biogr. údaje 
600 1 7 |a Warhol, Andy,  |d 1928-1987  |2 AUBBMA  |9 97490 
655 7 |a obrazové publikácie  |2 SNKPH  |9 70343 
700 1 |a Duda, Jaroslav  |c (prekladateľ)  |4 trl  |9 245366 
852 |a Akadémia umení v Banskej Bystrici 
919 |a 3-8228-6696-2 
958 |a OND 
958 |a ZS 
958 |a TL 
958 |a US 
958 |a BX 
958 |a OP 
958 |a DE 
958 |a CZ 
999 |c 554136  |d 556066 
952 |t P60, <03>, [BOOK], {603}  |a SNK  |b SNK  |y PREZ  |7 0  |p 17A0308354  |o snkSC 105605  |i snkK 1061/2001  |0 0  |1 0  |4 0  |d 2001-07-25  |f 1  |l 0  |r 2025-09-26 00:00:00  |w 2026-02-23 
952 |t P60, <04>, [BOOK], {604}  |a SNK  |b SNK  |y NEVYP  |7 0  |p 17A0308355  |o snkSC 105605 D1  |i snkK 1062/2001  |0 0  |1 0  |4 0  |d 2001-07-25  |l 0  |r 2005-01-02 00:00:00  |w 2026-02-23 
952 |t snkWAR 75:929  |a SNKUST  |b SNKUST  |y PREZ  |7 0  |p 17A0296100  |o snkSC 105605 D2  |i snk2017/7194  |8 5  |0 0  |1 0  |4 0  |d 2001-10-01  |l 0  |r 2025-03-21 00:00:00  |w 2026-02-23 
952 |a SNKLM  |b SNKLM  |y NEVYP  |7 0  |o snklmDK 6584 SNKLM  |i snklm2013/217  |0 0  |1 0  |4 0  |d 2014-02-13  |l 0  |r 2026-02-23 13:20:07  |w 2026-02-23